Návrhy opatrení na skvalitnenie podnikového vzdelávania zamestnancov podniku Delphi Slovensko, s.r.o. Senica
Salvato in:
| Autore principale: | |
|---|---|
| Altri autori: | |
| Natura: | Manoscritto Libro |
| Lingua: | slovacco |
| Pubblicazione: |
STU v Bratislave MTF UPMK,
2010
|
| Soggetti: | |
| Accesso online: | VAIS |
| Tags: |
Nessun Tag, puoi essere il primo ad aggiungerne!!
|
MARC
| LEADER | 00000ntm a22000003a 4500 | ||
|---|---|---|---|
| 001 | stu207184 | ||
| 005 | 20160719160151.0 | ||
| 008 | 100710s2010------------------------slo-d | ||
| 040 | |a STU |b slo | ||
| 041 | 0 | |a slo | |
| 100 | 1 | |a Tokošová, Veronika, |d 1985- |4 aut |X 51802 |7 A000051802 | |
| 242 | 0 | 0 | |a Measure Proposal for Improvement of Personnel Education/Training in Company Delphi Slovakia, Ltd. in Senica |y eng |
| 245 | 1 | |a Návrhy opatrení na skvalitnenie podnikového vzdelávania zamestnancov podniku Delphi Slovensko, s.r.o. Senica | |
| 260 | |b STU v Bratislave MTF UPMK, |c 2010 | ||
| 650 | 7 | |a education |2 estusub | |
| 650 | 7 | |a vzdelávanie |2 stusub | |
| 700 | 1 | |a Szabó, Peter, |d 1983- |4 ths |u M8700 |U MTF Materiálovotechnologická fakulta |T MTF Výučbové stredisko Komárno |X 19244 |U M8700 |Y 254 |7 A000019244 | |
| 856 | 4 | |a info a plný text |u http://is.stuba.sk/zp/portal_zp.pl?podrobnosti=52272 |3 VAIS | |
| 996 | |c M*BP-4526 |l MMSKP |s P |a 0 |w stu207184_0001 | ||